000 01311namaa22003131i 4500
005 20260228125305.0
008 260203s1996 ua a|||frm||| 000 0 eng d
040 _aEG-GICUC
_beng
_cEG-GICUC
_dEG-GICUC
_erda
041 0 _aeng
_beng
_bara
049 _aDeposit
097 _aPh.D
099 _aCai01.13.04.Ph.D.1996.La.P
100 0 _aLaila Mohamed Abdel Moneim Farahat,
_epreparation.
245 1 0 _aProduction of Ethanol in a gaseous fluidized bed fermentor /
_cBy Laila Mohamed Abdel Moneim Farahat ; Supervision Prof. Dr. Mohamed M. Osman, Prof. Dr. Seham A. El Temtamy
246 1 5 _aانتاج الكحول الايثيلي في مخمر المهد الغازي المميع
264 0 _c1996.
300 _a143 pages
_billustrations
_c25 cm. +
336 _2rda content
_atext
337 _2rdamedia
_aUnmediated
338 _2rdacarrier
_avolume
502 _aThesis (M.Sc.)-Cairo University, 1996
504 _aBibliography: pages 136-143
653 0 _aEthanol in a gaseous fluidized bed fermentor
700 0 _aMohamed M. Osman
_eReviewer.
700 0 _aSeham A. El Temtamy
_ethesis advisor.
900 _DDepartment of Chemical Engineering
_FFaculty of Engineering
_UCairo University
_b1996
_cMohamed M. Osman
_cSeham A. El Temtamy
905 _aNehad
_eNourhan
942 _2ddc
_cTH
_e21
_n0
999 _c178144